Normal view
MARC view
- PROJECT MANAGEMENT-BOOK ETC.SIX SIGMA (QUALITY CONTROL STANDARD)- HANDBOOKS ETC -HANDBOOKS ETC
Entry Topical Term
001 - CONTROL NUMBER
- control field: 62084
003 - CONTROL NUMBER IDENTIFIER
- control field: NUST
005 - DATE AND TIME OF LATEST TRANSACTION
- control field: 20210628202855.0
008 - FIXED-LENGTH DATA ELEMENTS
- fixed length control field: 210628|| aca||aabn | a|a d
040 ## - CATALOGING SOURCE
- Original cataloging agency: NUST
- Transcribing agency: NUST
150 ## - HEADING--TOPICAL TERM
- Topical term or geographic name entry element: PROJECT MANAGEMENT-BOOK ETC.SIX SIGMA (QUALITY CONTROL STANDARD)- HANDBOOKS ETC -HANDBOOKS ETC
670 ## - SOURCE DATA FOUND
- Source citation: Work cat.: (NUST): Pyzdek, Thomas 62083, The six sigma project planner, a step by step guide to leading a six sigma project through dmaic, 2004
